000
00291nam a2200121Ia 4500
008
191201s2012 xx 000 0 und d
100
_a
HAN, Jiawei
245
0
_a
Data Mining Concepts and Techniques
260
_a
N. delhi
_b
Elsevier
_c
2012
300
_a
703
650
_a
MCA
942
_2
ddc
_c
BK
999
_c
6399
_d
6399